Paleoekologické údaje k staršej fáze mladého paleolitu v severnej časti Karpatskej kotliny

Bibliographic Details
Main Author: Bánesz, Ladislav, 1932-2000 (Author)
Format: Article
Language:Slovak
PhysicalDescription:Tb. 2. Res. rus., nem., lit. 25 zázn. v slov., češ., nem., maď.
Subjects:

MARC

LEADER 00000nab a2200000 a 4500
001 vtls000322650
003 SK-MaSNL
005 20260304225640.0
008 160204c1987 xo 0 slo
015 |a SNBRA19rr/mm-uuuuu 
035 |a CL0322772 
040 |a SNKBUCL  |b slo  |c SNKBUCL  |e AACR2 
041 0 |a slo 
044 |a xo  |c SK 
080 |a 903"632":56:561  |2 1981 
080 |a 56  |2 1981 
080 |a 561  |2 1981 
100 1 |a Bánesz, Ladislav,  |d 1932-2000  |4 aut  |9 115522 
245 1 0 |a Paleoekologické údaje k staršej fáze mladého paleolitu v severnej časti Karpatskej kotliny  |c Ladislav Bánesz 
300 |b Tb. 2. Res. rus., nem., lit. 25 zázn. v slov., češ., nem., maď. 
650 0 7 |a osídlenie paleolitické  |2 snkbucl  |9 925586 
650 0 7 |a životné prostredie  |2 snkbucl  |9 786 
651 7 |a Panónska panva  |2 snkbucl  |9 62620 
655 7 |a články zo zborníkov  |2 snkbucl  |9 166140 
773 0 |t Historica carpatica 18  |d Košice : Východoslov. vyd., 1987  |g S. 207-221 
850 |a Slovenská národná knižnica v Martine  |a MTA001 
852 |a SNK  |b KIS3GCP 
958 |a NB 
958 |a RK 
992 |a RZB 
999 |c 3178917  |d 3180847